| 000 | 00000nam 2200000za 4500 |
| 001 | 9.856030 |
| 003 | CaOODSP |
| 005 | 20221107155437 |
| 007 | cr ||||||||||| |
| 008 | 180501s1987 qucb ob f000 0 fre d |
| 020 | |z0662942000 |
| 022 | |z0831-6481 |
| 040 | |aCaOODSP|bfre |
| 041 | |afre|beng |
| 043 | |an-cn-qu |
| 086 | 1 |aCW69-5/17F-PDF|zCW69-5/17F |
| 100 | 1 |aDarveau, Marcel, |d1956- |
| 245 | 10|aValorisation de l'avifaune de l'estuaire moyen et maritime du Saint-Laurent, Québec |h[ressource électronique] / |bMarcel Darveau. |
| 260 | |aSainte-Foy, Qué. : |bService canadien de la faune, Région du Québec, |c1987. |
| 300 | |aiv, 19 p. : |bcarte. |
| 490 | 1 |aSérie de rapports techniques ; |vnº 17 |
| 500 | |aEx. défectueux : la couv. et le verso de la couv. sont manquantes. |
| 500 | |aÉdition numérisée de l’imprimé [par Environnement et Changement climatique Canada]. |
| 504 | |aComprend des références bibliographiques. |
| 520 | 3 |a« On présente une démarche d'évaluation globale de l'importance des oiseaux marins de l'estuaire moyen et maritime du Saint-Laurent, province de Québec. Sept critères sont considérés dans un modèle de priorisation: population totale de l'espèce, importance du territoire pour les populations de l'est du Canada, statut, dispersion sur le territoire, valeur économique, taille de ponte et vulnérabilité aux hydrocarbures. On discute des opportunités d'utilisation de ce genre de modèle et de son efficacité dans le cas de l'estuaire du Saint-Laurent. Des recommandations sont faites concernant la gestion et la protection des espèces » -- Résumé, p. iii. |
| 530 | |aÉgalement publ. en version imprimée. |
| 546 | |aComprend un résumé en anglais. |
| 692 | 07|2gccst|aOiseau aquatique |
| 693 | 4|aSaint-Laurent, Estuaire du (Québec) |
| 710 | 1 |aCanada. |bEnvironnement Canada. |
| 710 | 2 |aService canadien de la faune. |bRégion du Québec. |
| 830 | #0|aSérie de rapports techniques (Service canadien de la faune)|vnº 17.|w(CaOODSP)9.500915 |
| 856 | 40|qPDF|s718 Ko|uhttps://publications.gc.ca/collections/collection_2018/eccc/cw69-5/CW69-5-17-fra.pdf |